000
00463nam a2200169Ia 4500
008
090711s9999 xx 000 0 und d
082
_b
19316
100
_a
माण्डवकर भाऊ
245
_a
कानिSारी
260
_c
1966
300
_a
99
600
_a
माण्डवकर भाऊ
630
_a
कानिSारी
700
_a
माण्डवकर भाऊ
730
_a
कानिSारी
942
_c
BOOK
999
_c
299498
_d
299498